000 00787nab a2200253 u 4500
001 21383
003 HDC
007 cr bn ---aaaaa
008 210306c mydr|nes 0 a eng d
040 _aHDC
245 0 _a MALAYSIA pintu masuk pasaran kosmetik halal
260 _aMalaysia :
_bBERITA HARIAN,
_c2016
300 _a1pages
336 _atext
_2rdacontent
337 _acomputer
_2rdamedia
338 _aonline resource
_2rdacarrier
650 _ahalal cosmetic
_95164
650 _ahalal industry
_9144
710 _aBERITA HARIAN
856 _zRequest full-text at [email protected]
942 _2lcc
942 _cNEWS
942 _kNWSC 010417
999 _c18699
_d18699